All Mike Tyson´s Knockout Wins - Statistics

General Stats
  • This quiz has been taken 108 times
  • The average score is 14 of 45
Answer Stats
Answer % Correct
Larry Holmes
73%
Michael Spinks
73%
Frank Bruno
69%
Frank Bruno
69%
Trevor Berbick
69%
Marvis Frazier
56%
Michael Johnson
54%
Pinklon Thomas
50%
Tony Tubbs
48%
Francois Botha
44%
Carl Williams
42%
Donovan Ruddock
40%
Peter McNeeley
40%
Bruce Seldon
33%
Buster Mathis Jr.
33%
Clifford Etienne
33%
Lou Savarese
33%
Hector Mercedes
31%
Tyrell Biggs
31%
Mark Young
29%
José Ribalta
27%
Julius Francis
27%
Jesse Ferguson
25%
Robert Colay
25%
Trent Singleton
25%
Donnie Long
23%
Ricardo Spain
23%
Sterling Benjamin
23%
Henry Tillman
21%
Steve Zouski
21%
Alex Stewart
19%
Brian Nielsen
19%
John Alderson
19%
Larry Sims
19%
Lorenzo Boyd
19%
Reggie Gross
19%
William Hosea
19%
Conroy Nelson
17%
Eddie Richardson
17%
Lorenzo Canady
17%
Sammy Scaff
17%
Don Halpin
15%
Mike Jameson
15%
David Jaco
8%
Alfonso Ratcliff
4%
No matching quizzes found
Score Distribution
Percent of People with Each Score
Percentile by Number Answered
Your Score History
You have not taken this quiz